[Event "IND-ch U17 Girls"]
[Site "Saravanampatty"]
[Date "2017.11.01"]
[Round "11"]
[White "Toshali, V."]
[Black "Harshini, B."]
[Result "1-0"]
[WhiteElo "1803"]
[BlackElo "1348"]
[PlyCount "73"]
[EventDate "2017.10.24"]
[EventType "swiss"]
[EventRounds "11"]
[EventCountry "IND"]
[SourceTitle "CBM 181 Extra"]
[Source "ChessBase"]
[SourceDate "2017.12.12"]
[SourceVersion "1"]
[SourceVersionDate "2017.12.12"]
[SourceQuality "1"]

1. a3 Nf6 2. Nc3 b6 3. e4 e5 4. Nf3 d6 5. Bc4 Be6 6. Qe2 Qd7 7. d4 exd4 8. Nxd4 Be7 9. Nxe6 fxe6 10. e5 dxe5 11. Qxe5 Nc6 12. Qxe6 Qxe6+ 13. Bxe6 Nd4 14. Bb3 0-0-0 15. 0-0 h6 16. Be3 Nxb3 17. cxb3 a6 18. Rac1 Kb7 19. Bf4 Nh5 20. Be5 Rhe8 21. g4 Nf6 22. h3 Rd2 23. Bxc7 Rxb2 24. Bxb6 Rxb3 25. Bd4 Rxa3 26. Rb1+ Ka8 27. Rb6 Rd8 28. Rfb1 Nd7 29. Nd5 Nxb6 30. Nxb6+ Kb7 31. Nd5+ Kc6 32. Nxe7+ Kd6 33. Nf5+ Kd5 34. Bxg7 Ke4 35. Re1+ Kf4 36. Bxh6+ Kf3 37. Nh4# 1-0

[Event "IND-ch U17 Girls"]
[Site "Saravanampatty"]
[Date "2017.10.28"]
[Round "7"]
[White "Dhyana, Patel"]
[Black "Harshini, B."]
[Result "1-0"]
[WhiteElo "1640"]
[BlackElo "1348"]
[PlyCount "100"]
[EventDate "2017.10.24"]
[EventType "swiss"]
[EventRounds "11"]
[EventCountry "IND"]
[SourceTitle "CBM 181 Extra"]
[Source "ChessBase"]
[SourceDate "2017.12.12"]
[SourceVersion "1"]
[SourceVersionDate "2017.12.12"]
[SourceQuality "1"]

1. e4 e5 2. Nf3 Nc6 3. Bc4 Nf6 4. Ng5 d5 5. exd5 Nd4 6. c3 b5 7. Bf1 Nxd5 8. cxd4 Qxg5 9. Bxb5+ Kd8 10. 0-0 Bb7 11. Qf3 Rb8 12. d3 Qg6 13. Qg3 Nb4 14. Na3 Bd6 15. Bg5+ f6 16. dxe5 Qxg5 17. Qxg5 fxg5 18. exd6 cxd6 19. Nc4 Nc2 20. Rab1 Bd5 21. Ba4 Nd4 22. Rfe1 Ne6 23. Bc6 Bxc4 24. dxc4 Nd4 25. Ba4 Rf8 26. b3 Nf5 27. Rbd1 Kc7 28. g4 Nh4 29. Re7+ Kb6 30. Rxd6+ Kc5 31. Rd3 Rf4 32. h3 Kb4 33. Be8 a6 34. Re6 Nf3+ 35. Kg2 Nh4+ 36. Kg3 h6 37. f3 a5 38. Bc6 Rbf8 39. Re5 Rb8 40. Be4 a4 41. c5 a3 42. c6 Rc8 43. Re7 Kb5 44. c7 Kb6 45. Rd6+ Kc5 46. Rd8 Rf8 47. Rxc8 Rxc8 48. Bb7 Rxc7 49. Rxc7+ Kb6 50. Rxg7 Kc5 1-0